|
|
|
|
| LEADER |
00000nam0a2200000 4500 |
| 001 |
298011 |
| 005 |
20231102001049.0 |
| 020 |
|
|
|a RU
|b 84-49842
|
| 035 |
|
|
|a (RuTPU)RU\TPU\book\323153
|
| 090 |
|
|
|a 298011
|
| 100 |
|
|
|a 20150615d1983 k y0rusy5003 ca
|
| 101 |
0 |
|
|a rus
|
| 102 |
|
|
|a RU
|
| 105 |
|
|
|a a z 001zy
|
| 200 |
1 |
|
|a Надежность функционирования нефтепроводного транспорта
|e сборник научных трудов
|f Всесоюзный научно-исследовательский институт по сбору, подготовке и транспорту нефти и нефтепродуктов (ВНИИСПТнефть) ; под ред. А. Г. Гумерова
|
| 210 |
|
|
|a Уфа
|c Изд-во ВНИИСПТнефть
|d 1983
|
| 215 |
|
|
|a 128 с.
|c ил.
|
| 320 |
|
|
|a Библиография в конце статей
|
| 606 |
1 |
|
|a Трубопроводный транспорт
|x Нефтегазовая промышленность
|2 stltpush
|3 (RuTPU)RU\TPU\subj\61733
|9 78896
|
| 610 |
1 |
|
|a надежность
|
| 610 |
1 |
|
|a магистральные нефтепроводы
|
| 610 |
1 |
|
|a восстановление
|
| 610 |
1 |
|
|a нефтеснабжение
|
| 610 |
1 |
|
|a задачи
|
| 610 |
1 |
|
|a оптимизация
|
| 610 |
1 |
|
|a газопроводы
|
| 610 |
1 |
|
|a ремонт
|
| 610 |
1 |
|
|a схемы
|
| 610 |
1 |
|
|a расчет
|
| 610 |
1 |
|
|a режим работы
|
| 610 |
1 |
|
|a очистные устройства
|
| 610 |
1 |
|
|a контроль
|
| 610 |
1 |
|
|a полимерные материалы
|
| 610 |
1 |
|
|a свойства
|
| 610 |
1 |
|
|a насосные агрегаты
|
| 610 |
1 |
|
|a Западная Сибирь
|
| 675 |
|
|
|a 622.692.4
|v 3
|
| 702 |
|
1 |
|a Гумеров
|b А. Г.
|4 340
|
| 712 |
0 |
2 |
|a Всесоюзный научно-исследовательский институт по сбору, подготовке и транспорту нефти и нефтепродуктов (ВНИИСПТнефть)
|c (Уфа)
|c (1970-1992)
|2 stltpush
|3 (RuTPU)RU\TPU\col\7482
|
| 801 |
|
0 |
|a RU
|b RuMRKP
|c 19950704
|g psbo
|
| 801 |
|
1 |
|a RU
|b 63413507
|c 20150615
|
| 801 |
|
2 |
|a RU
|b 63413507
|c 20170208
|g RCR
|
| 942 |
|
|
|c BK
|